00241nam a2200109Ia 4500100001800000650001400018654001300032245003300045260003300078300000800111546001200119 aMyer/ John.N  aEconomics aAnalysis aFinancial Statement Analysis bPrentice Hall of Indiac2001 a270 aENGLISH